Obscure "Friends" Trivia - Statistics

General Stats
  • This quiz has been taken 9,583 times
    9,196 since last reset
  • The average score is 7 of 15
Answer Stats
Hint Answer % Correct
Number of towel categories in Monica's bathroom Eleven
94%
Joey's girlfriend who cheated on him with Chandler Kathy
68%
Number of United States that Joey can identify Fifty-six
62%
According to Joey, a term for an irrelevant point is a ___ point Moo
61%
Girl with whom Chandler is stuck mid-blackout in an ATM vestibule Jill Goodacre
59%
Emily's escape route from her and Ross's wedding in London Bathroom Window
44%
Concert that three of the six friends attend in season two Hootie and the Blowfish
43%
In season 3, Pete writes a $_______ check to Monica as a joke 20,000
37%
Game show for which Joey auditions in season 8 Bamboozled
35%
Bruce Willis plays the father of Ross's girlfriend named _________ Elizabeth
33%
(Chandler's) last line of the entire series... Where?
33%
Overly enthusiastic "Parker", a date of Phoebe's, is played by ____ _______ Alec Baldwin
31%
Which of Joey's sisters can Chandler not remember? Mary Angela
28%
According to Chandler, losers don't talk, but actually they ______ Rhyme
19%
Chandler's gift to Ross & Rachel upon Emma's birth Giant Gorilla
17%
No matching quizzes found
Score Distribution
Percent of People with Each Score
Percentile by Number Answered
Your Score History
You have not taken this quiz since the last reset